| 000 | 00600nam a2200241Ia 4500 | ||
|---|---|---|---|
| 003 | OSt | ||
| 005 | 20220928140403.0 | ||
| 006 | a|||||r|||| 00| 0 | ||
| 007 | ta | ||
| 008 | 220927b |||||||| |||| 00| 0 eng d | ||
| 024 | _a8143 | ||
| 037 | _cTextual | ||
| 040 |
_aSDCL _cSDCL _beng |
||
| 041 |
_2eng _aeng |
||
| 082 | _aB28obD, P4 | ||
| 100 | _aMontgomery Douglas C | ||
| 245 | 0 | _aEngineering statistics | |
| 250 | _a3 | ||
| 260 | _c2004 | ||
| 700 | _a Runger George C | ||
| 942 |
_hB28obD, P4 _cTEXL _2CC |
||
| 999 |
_c811127 _d811127 |
||